Word Ladder: Rise and Shine Quiz Stats

 Plays Quiz Updated Mar 24, 2019

Score 0/14 Timer 02:00
0 Plays Today
Clue 5-Letter Word % Correct
Gaze intentlySTARE
95.4%
Place to shopSTORE
94.2%
Pancakes orderSTACK
92%
AdhereSTICK
88.9%
'Winter is Coming' houseSTARK
88.2%
To have cursedSWORE
85.2%
Sabre or foilSWORD
85%
Clue 5-Letter Word % Correct
'Cy Young' or 'Academy' followerAWARD
75.4%
Sign of a spillSLICK
74.1%
Expanse of short grassSWARD
68.3%
'Happiness is _ ____ gun'A WARM
61.9%
Mouse soundCLICK
57.5%
Sudden fear•ALARM•
54.6%
Hit someone on the head•CLOCK•
47.6%

Today's Daily Dose

Missing Word
Sherlocks

Word Ladder
King of the Hill

Quick Pick
Songs in Pink

Get the Picture
NBA Teammates

You're not logged in!

Compare scores with friends on all Sporcle quizzes.
OR
Log In

Sporcle TV

Today on Sporcle TV


Watch our educational content, quiz creation guides, and fun videos on Sporcle TV.

Show Comments

Extras

Top Quizzes Today


Score Distribution

Your Account Isn't Verified!

In order to create a playlist on Sporcle, you need to verify the email address you used during registration. Go to your Sporcle Settings to finish the process.

Report this User

Report this user for behavior that violates our Community Guidelines.

Details: